[Event "Mittelrhein Verbandsliga-W 1112"]
[Site "Germany"]
[Date "2012.05.06"]
[Round "10.6"]
[White "Von der Weiden, Ralf"]
[Black "Horbach, Fabian"]
[Result "1/2-1/2"]
[WhiteElo "1763"]
[BlackElo "1801"]
[PlyCount "46"]
[EventDate "2011.09.18"]
[EventType "team-tourn"]
[EventRounds "11"]
[EventCountry "GER"]
[SourceTitle "EXT 2013"]
[Source "ChessBase"]
[SourceDate "2012.11.22"]
[SourceVersion "1"]
[SourceVersionDate "2012.11.22"]
[SourceQuality "1"]
[WhiteTeam "Aachen II"]
[BlackTeam "Herzogenrath"]
[WhiteTeamCountry "GER"]
[BlackTeamCountry "GER"]

1. e4 c5 2. d4 cxd4 3. c3 dxc3 4. Nxc3 e6 5. Bc4 Bc5 6. Bf4 d6 7. Rc1 Nc6 8. a3 e5 9. Bg3 Nge7 10. Qh5 0-0 11. Nf3 h6 12. 0-0 Be6 13. Bxe6 fxe6 14. Nh4 Qe8 15. Qg4 Nd4 16. Kh1 Rf6 17. Nb1 Ng6 18. Nd2 a5 19. Nxg6 Rxg6 20. Qd1 b6 21. Nc4 Rd8 22. Bh4 Rd7 23. f4 exf4 1/2-1/2